Grob Basic Electronics (Record no. 610813)
[ view plain ]
| 000 -LEADER | |
|---|---|
| fixed length control field | 00359nam a22001457a 4500 |
| 020 ## - INTERNATIONAL STANDARD BOOK NUMBER | |
| International Standard Book Number | 002800762 |
| 040 ## - CATALOGING SOURCE | |
| Transcribing agency | NUST |
| 082 ## - DEWEY DECIMAL CLASSIFICATION NUMBER | |
| Classification number | 621.381 |
| Author Mark | GRO |
| 100 ## - MAIN ENTRY--PERSONAL NAME | |
| Personal name | Bernard Grob |
| 9 (RLIN) | 125049 |
| 245 ## - TITLE STATEMENT | |
| Title | Grob Basic Electronics |
| 250 ## - EDITION STATEMENT | |
| Edition statement | Seventh Edition |
| 260 ## - PUBLICATION, DISTRIBUTION, ETC. | |
| Place of publication, distribution, etc. | New York: |
| Name of publisher, distributor, etc. | Glencoe McGraw Hill, |
| Date of publication, distribution, etc. | 1992. |
| 650 ## - SUBJECT ADDED ENTRY--TOPICAL TERM | |
| Source of heading or term | Grob Basic Electronics |
| 942 ## - ADDED ENTRY ELEMENTS (KOHA) | |
| Source of classification or shelving scheme | |
| Koha item type | Book |
| Withdrawn status | Lost status | Source of classification or shelving scheme | Damaged status | Not for loan | Permanent Location | Current Location | Shelving location | Date acquired | Total Checkouts | Full call number | Barcode | Date last seen | Price effective from | Koha item type |
|---|---|---|---|---|---|---|---|---|---|---|---|---|---|---|
| College of Electrical & Mechanical Engineering (CEME) | College of Electrical & Mechanical Engineering (CEME) | General Stacks | 08/06/2024 | 621.381 GRO | CEME- 37439 | 08/06/2024 | 08/06/2024 | Book |
